|
|
|
|
| LEADER |
02202ncm a2200445 a 4500 |
| 001 |
nkc20092011448 |
| 003 |
CZ PrNK |
| 005 |
20100608111735.0 |
| 007 |
qu |
| 008 |
100517s2009 xr fmz g nn cze |
| 015 |
|
|
|a cnb002011448
|
| 020 |
|
|
|a 978-80-86762-25-8
|q (Český rozhlas ;
|q brož.)
|
| 040 |
|
|
|a ABA001
|b cze
|
| 043 |
|
|
|a e-xr---
|b e-xr-pl
|2 czenas
|
| 048 |
|
|
|a vu01
|
| 072 |
|
7 |
|a 784
|x Vokální hudba
|2 Konspekt
|9 9
|
| 080 |
|
|
|a 784.4(=162.3)
|2 MRF
|
| 080 |
|
|
|a 784.4
|2 MRF
|
| 080 |
|
|
|a 78.089.6.087.6
|2 MRF
|
| 245 |
0 |
0 |
|a Plzeňská věž převyšuje kopce
|h [hudebnina] :
|b Plzeňsko v lidové písni /
|c vybral a uspořádal Zdeněk Vejvoda
|
| 250 |
|
|
|a 1. vyd.
|
| 260 |
|
|
|a Plzeň :
|b Český rozhlas,
|c 2009
|
| 300 |
|
|
|a 1 zpěvník (47 s.) :
|b il. ;
|c 20 x 21 cm +
|e 1 CD
|
| 382 |
0 |
1 |
|a zpěv
|n 1
|s 1
|
| 505 |
0 |
0 |
|t A já mám chaloupku --
|t Byla babička --
|t Cestička uzoučká --
|t Co dělá má žena --
|t Daleké, široké políčka --
|t Dyž sem já jel vozit písek --
|t Já tu nebudu --
|t Já ty volky nepoženu --
|t Jaké je to hezké, dva kováři v městě --
|t Jedna je cestička --
|t Jednoho dne zvečera --
|t Kde si, potěšení --
|t Leť, poslíčku --
|t Na kamejckej louce (dudácká dokola) --
|t Nastala nám, kamarádi --
|t Okolo políčka --
|t Plzencká věž --
|t Slunéčko daleko, široko --
|t Ukradli nám trakar (sousedská) --
|t V Dejšinej na dvoře (špacírka) --
|t V tom křimickým zámku --
|t Vímť já domeček --
|t Ženo, ženo
|
| 546 |
|
|
|a Předmluva a další průvodní texty česky
|
| 650 |
0 |
7 |
|a české lidové písně
|7 ph128141
|2 czenas
|
| 650 |
0 |
9 |
|a Czech folk songs
|2 eczenas
|
| 651 |
|
7 |
|a Plzeň (Česko : oblast)
|7 ge130440
|2 czenas
|
| 655 |
|
7 |
|a lidové písně
|7 fd980032
|2 czenas
|
| 655 |
|
7 |
|a vokální linky s podloženým textem
|7 fd201985
|2 czenas
|
| 655 |
|
9 |
|a folk songs
|2 eczenas
|
| 700 |
1 |
|
|a Vejvoda, Zdeněk,
|d 1975-
|7 mzk2004261354
|4 com
|4 aut
|
| 710 |
2 |
|
|a Etnologický ústav (Akademie věd ČR)
|7 kn20071004001
|
| 910 |
2 |
|
|a BOA001
|b Mus2-1236.736
|
| 990 |
|
|
|a MU
|
| 995 |
|
|
|a 01
|
| 991 |
|
|
|b 201006
|c NOV
|
| 925 |
|
|
|a zpěv
|b V
|
| 996 |
6 |
|
|b 2610438675
|c Mus2-1236.736
|l MZK
|r Sklad / do 1 hodiny
|n 0
|p p.v.
|w 001125379
|u 000010
|a 1
|e BOA001
|j MZK50
|s P
|